| 000 | 00445nam a22001937a 4500 | ||
|---|---|---|---|
| 999 |
_c11815 _d11815 |
||
| 003 | OSt | ||
| 008 | 230130b ||||| |||| 00| 0 eng d | ||
| 020 | _a9789352865611 | ||
| 082 | _a658.8 KOP | ||
| 100 | _aKOTLER,Philip | ||
| 245 | _aPrinciples of Marketing | ||
| 250 | _a17th Ed | ||
| 260 |
_aUP _bPearson _c2023 |
||
| 300 | _a699 | ||
| 650 | _aMarketing | ||
| 700 | _aARMSTRONG,Gary | ||
| 700 | _aAGNIHOTRI,Prafulla | ||
| 942 |
_2ddc _cREF |
||